书目信息 |
| 书名: | A new history of India | |
| 作者: | Stanley Wolpert. | |
| 分册号: | ||
| 分册名: | 出版地: | New York : |
|
| 出版社: | Oxford University Press | |
| 出版时间: | 2000. | |
| 页数: | xii, 511 p. : | |
| 开本: | 22 cm. | |
| 丛书名: | ||
| 中图分类号: | ||
| 科图分类号: | ||
| 其他分类号: | K708 | |
| 主题词: | ||
| 电子资源: | http://www.loc.gov/catdir/enhancements/fy0638/99017705-t.html http://www.loc.gov/catdir/enhancements/fy0638/99017705-d.html | |
| 000 | 01315cam a2200337 a 450 | |
| 001 | E0758747176 | |
| 005 | 20070401162406.95 | |
| 008 | 990204s2000 nyub b 001 0 eng | |
| 010 | @a99017705 | |
| 020 | @a019512877X (pbk.). | |
| 020 | @a0195128761 (cloth : alk. paper). | |
| 035 | @A(DLC) 99017705 | |
| 040 | @aDLC@cDLC@dDLC | |
| 043 | @aa-ii--- | |
| 050 | 00 | @aDS436@b.W66 2000 |
| 082 | 00 | @a954@2 21 |
| 090 | @aK708 | |
| 099 | @dK708@ex15=6 | |
| 100 | 1 | @aWolpert, Stanley A.,@d1927- |
| 245 | 12 | @aA new history of India / @cStanley Wolpert. |
| 250 | @a6th ed. | |
| 260 | @aNew York :@bOxford University Press,@c2000. | |
| 300 | @axii, 511 p. :@bmaps ;@c22 cm. | |
| 504 | @aIncludes bibliographical references (p. [457]-483) and index. | |
| 651 | 0 | @aIndia@xHistory. |
| 856 | 41 | @3 Table of contents only@uhttp://www.loc.gov/catdir/enhancements/fy0638/99017705-t.html |
| 856 | 42 | @3 Publisher description@uhttp://www.loc.gov/catdir/enhancements/fy0638/99017705-d.html |
| 906 | @a7@bcbc@corignew@d1@eocip@f19@gy-gencatlg | |
| 925 | 0 | @aacquire@b2 shelf copies@xpolicy default |
| 955 | @ayj05 02-05-99; yk06 02-05-99 (subj.); yk10 02-05-99; bk rec’d, to CIP ver. ps06 01-20-00; yj07 to BCCD 01-28-00; Copy 2 sent to BCCD 09-26-00@eyk12 2002-03-12 to BCCD (Copy 3) | |
| 984 | @agsl | |
| A new history of India / / Stanley Wolpert.-6th ed.-New York : : Oxford University Press, , 2000. |
| xii, 511 p. : : maps ; ; 22 cm. |
| Includes bibliographical references (p. [457]-483) and index. |
| ISBN 019512877X (pbk.). |
| ● |
| 相关链接 |
|
|
|
|
正题名:new history of India
索取号:K708/x15=6
 
预约/预借
| 序号 | 登录号 | 条形码 | 馆藏地/架位号 | 状态 | 备注 |
| 1 | 0003954 | 300039544 | 第二样本阅览室/ [索取号:K708/x15=6] | 在馆 |